Los Acuerdos de paz, 15 años después: una mirada desde la opinión pública /
Este artículo pretende dar cuenta de cómo la opinión pública califica los avances o retrocesos en el cumplimiento de los Acuerdos de Paz, a 15 años de su firma. Lo que se descubre es que los principales indicadores que miden la democratización del país, el respeto irrestricto a los derechos humanos...
Saved in:
| Main Author: | |
|---|---|
| Format: | Text |
| Subjects: | |
| Tags: |
Add Tag
No Tags, Be the first to tag this record!
|
MARC
| LEADER | 00000 a a2200000 04500 | ||
|---|---|---|---|
| 001 | 5237 | ||
| 003 | |||
| 040 | |||
| 100 | |a Carranza, Marlon | ||
| 245 | |a Los Acuerdos de paz, 15 años después: |b una mirada desde la opinión pública / |c Marlon Carranza | ||
| 520 | |a Este artículo pretende dar cuenta de cómo la opinión pública califica los avances o retrocesos en el cumplimiento de los Acuerdos de Paz, a 15 años de su firma. Lo que se descubre es que los principales indicadores que miden la democratización del país, el respeto irrestricto a los derechos humanos y la reunificación de la sociedad, todos pilares básicos para la consolidación de la paz, han presentado un importante retroceso, principalmente en el último quinquenio. El "populismo autoritario" que caracterizó a las políticas de Estado en ese período simplemente ahondó la sensación de insatisfacción de los salvadoreños sobre el rumbo del país | ||
| 650 | |a ENCUESTAS DE OPINION PUBLICA | ||
| 650 | |a DERECHOS HUMANOS | ||
| 650 | |a DEMOCRATIZACION | ||
| 650 | |a POLICIA | ||
| 650 | |a DELINCUENCIA | ||
| 650 | |a PARTIDOS POLITICOS | ||
| 650 | |a EL SALVADOR | ||
| 650 | |a OPINION PUBLICA | ||
| 650 | |a INSTITUCIONES | ||
| 773 | |g volumen 62, número 701 -702; páginas 219-237 | ||
| 999 | |c 39063 |d 39063 | ||
| 773 | 0 | |0 18723 |9 2690 |a Universidad Centroamericana José Simeón Cañas (UCA) |d San Salvador, El Salvador Universidad Centroamericana José Simeón |o 01108 |t ECA: | |
